Star Wars - 300 Planets - Statistics

General Stats
  • This quiz has been taken 226 times
    129 since last reset
  • The average score is 44 of 300
Answer Stats
# Region Planet % Correct
260 Outer Rim Tatooine
95%
73 Core Coruscant
91%
182 Mid Rim Naboo
91%
116 Outer Rim Hoth
89%
94 Outer Rim Endor
88%
108 Outer Rim Geonosis
81%
10 Core Alderaan
80%
178 Outer Rim Mustafar
76%
132 Outer Rim Kamino
75%
40 Outer Rim Bespin
74%
134 Mid Rim Kashyyyk
73%
76 Outer Rim Dagobah
71%
292 Outer Rim Yavin IV
70%
77 Outer Rim Dantooine
68%
124 Inner Rim Jakku
65%
100 Outer Rim Felucia
60%
80 Outer Rim Dathomir
59%
70 Core Corellia
56%
163 Outer Rim Mandalore
56%
173 Outer Rim Mon Cala
55%
277 Outer Rim Utapau
55%
138 Outer Rim Kessel
53%
183 Hutt Space Nal Hutta
51%
232 Outer Rim Ryloth
51%
180 Outer Rim Mygeeto
41%
237 Outer Rim Scarif
41%
120 Unknown Ilum
39%
125 Mid Rim Jedha
39%
157 Outer Rim Lothal
39%
256 Mid Rim Takodana
39%
145 Outer Rim Korriban
38%
74 Outer Rim Crait
35%
228 Outer Rim Rodia
35%
276 Expansion Umbara
35%
161 Mid Rim Malastare
34%
253 Outer Rim Sullust
33%
101 Outer Rim Florrum
31%
160 Outer Rim Malachor V
31%
192 Inner Rim Onderon
30%
59 Colonies Cato Neimoidia
29%
194 Mid Rim Ord Mantell
29%
209 Outer Rim Polis Massa
29%
300 Outer Rim Zygerria
29%
07 Unknown Ahch-To
28%
274 Deep Core Tython
28%
85 Outer Rim D'Qar
26%
115 Core Hosnian Prime
26%
272 Mid Rim Trandosha
26%
53 Deep Core Byss
25%
64 Outer Rim Christophsis
25%
184 Hutt Space Nar Shaddaa
25%
227 Outer Rim Rishi
25%
271 Hutt Space Toydaria
25%
92 Outer Rim Eadu
24%
259 Outer Rim Taris
24%
263 Outer Rim Teth
24%
199 Outer Rim Ossus
23%
234 Outer Rim Saleucami
23%
202 Outer Rim Pantora
21%
67 Mid Rim Concord Dawn
20%
89 Core Duro
20%
118 Outer Rim Iego
20%
238 Outer Rim Scipio
20%
241 Outer Rim Serenno
20%
88 Outer Rim Dromund Kaas
19%
15 Core Anaxes
18%
48 Mid Rim Bothawui
18%
122 Mid Rim Ithor
18%
149 Core Kuat
18%
298 Outer Rim Ziost
18%
55 Outer Rim Cantonica
16%
62 Core Chandrila
16%
96 Outer Rim Eriadu
16%
176 ? Mortis
16%
217 Unknown Rakata Prime
16%
219 Outer Rim Raxus Prime
16%
246 Core Skako
16%
02 Outer Rim Abafar
15%
12 Core Alsakan
15%
103 Colonies Fondor
15%
170 Expansion Mimban
15%
179 Outer Rim Muunilinst
15%
287 Outer Rim Wayland
15%
288 Mid Rim Wobani
15%
43 Outer Rim Bith
14%
75 Unknown Csilla
14%
83 Colonies Devaron
14%
113 Mid Rim Haruun Kal
14%
121 Mid Rim Iridonia
14%
198 Outer Rim Orto Plutonia
14%
231 Mid Rim Ruusan
14%
244 Expansion Shili
14%
278 Outer Rim Vanqor
14%
143 Hutt Space Klatooine
13%
150 Outer Rim Lah'mu
13%
155 Outer Rim Lola Sayu
13%
17 Mid Rim Ando
11%
37 Outer Rim Batuu
11%
84 Expansion Dorin
11%
110 Mid Rim Glee Anselm
11%
117 Outer Rim Hypori
11%
128 Wildspace Kalee
11%
162 Inner Rim Manaan
11%
223 Outer RIm Rhen Var
11%
295 Wildspace Zakuul
11%
299 Unknown Zonoma Sekot
11%
14 Inner Rim Ambria
10%
30 Outer Rim Bakura
10%
31 Colonies Balmorra
10%
45 Outer Rim Bonadan
10%
49 Mid Rim Boz Pity
10%
60 Mid Rim Cerea
10%
72 Core Corulag
10%
158 Outer Rim Lotho Minor
10%
185 Colonies Neimoidia
10%
189 Outer Rim Oba Diah
10%
266 Inner Rim Thyferra
10%
281 Outer Rim Vassek
10%
03 Core Abregado-rae
9%
11 Mid Rim Aleen
9%
18 Outer Rim Anoat
9%
25 Colonies Arkania
9%
28 Outer Rim Atollon
9%
38 Mid Rim Belsavis
9%
56 Colonies Carida
9%
105 Outer Rim Gamorr
9%
112 Inner Rim Hapes
9%
181 Inner Rim Myrkr
9%
188 Core N'zoth
9%
220 Outer Rim Rattatak
9%
225 Mid Rim Ringo Vinda
9%
229 Outer Rim Rothana
9%
240 Core Selonia
9%
280 Hutt Space Varl
9%
297 Inner Rim Zeltros
9%
01 Core Aargau
8%
06 Outer Rim Agamar
8%
13 Outer Rim Alzoc III
8%
36 Outer Rim Bastion
8%
41 Inner Rim Bestine IV
8%
51 Core Brentaal
8%
54 Core Caamas
8%
68 Outer Rim Concordia
8%
86 Core Drall
8%
97 Mid Rim Falleen
8%
104 Core Fresia
8%
114 Outer Rim Honoghr
8%
126 Outer Rim Jomark
8%
127 Wildspace Kadavo
8%
142 Expansion Kiros
8%
154 Wildspace Lira San
8%
168 Core Metellos
8%
172 Outer Rim Mirial
8%
206 Outer Rim Phindar
8%
214 Outer Rim Quesh
8%
222 Core Rendili
8%
247 Outer Rim Sluis Van
8%
255 Inner Rim Taanab
8%
285 Outer Rim Voss
8%
08 Outer Rim Akiva
6%
44 Inner Rim Bogden
6%
50 Outer Rim Bpfassh
6%
61 Inner Rim Champala
6%
66 Colonies Commenor
6%
91 Inner Rim Dxun
6%
123 Outer Rim Jabiim
6%
144 Inner Rim Kooriva
6%
153 Outer Rim Lianna
6%
166 Outer Rim Maw
6%
187 Core Nubia
6%
210 Outer Rim Polus
6%
218 Core Ralltiir
6%
249 Outer Rim Sriluur
6%
252 Outer Rim Subterrel
6%
275 Outer Rim Ukio
6%
286 Deep Core Vulpter
6%
289 Outer Rim Xagobah
6%
293 Expansion Yinchorr
6%
04 Outer Rim Aeten II
5%
19 Wildspace Anoth
5%
20 Mid Rim Ansion
5%
21 Inner Rim Antar IV
5%
29 Inner Rim Atzerri
5%
35 Colonies Bardotta
5%
42 Inner Rim Bilbringi
5%
58 Expansion Cathar
5%
107 Outer Rim Garel
5%
111 Outer Rim Gree
5%
119 Expansion Iktotchon
5%
141 Hutt Space Kintan
5%
146 Mid Rim Kothlis
5%
152 Wildspace Lasan
5%
159 Unknown Lwhekk
5%
167 Inner Rim Mechis III
5%
177 Colonies Mrisst
5%
186 Expansion Nkllon
5%
191 Deep Core Ojom
5%
207 Outer Rim Pillio
5%
248 Outer Rim Socorro
5%
262 Outer Rim Telos IV
5%
264 Expansion Thisspias
5%
265 Colonies Tholoth
5%
268 Core Tinnel
5%
273 Outer Rim Tund
5%
279 Outer Rim Vardos
5%
09 Mid Rim Alaris Prime
4%
26 Outer Rim Arkanis
4%
33 Core Balosar
4%
34 Outer Rim Bandomeer
4%
57 Outer Rim Carlac
4%
78 Hutt Space Da Soocha
4%
82 Inner Rim Denon
4%
87 Mid Rim Dressel
4%
102 Core Foerost
4%
137 Wildspace Kesh
4%
140 Inner Rim Kiffu
4%
165 Outer Rim Maridun
4%
171 Outer Rim Mintooine
4%
230 Outer Rim Rugosa
4%
233 Core Sacorria
4%
236 Expansion Sarrish
4%
245 Outer Rim Shola
4%
267 Mid Rim Tibrin
4%
282 Expansion Vendaxa
4%
283 Outerrim Vergesso
4%
284 Mid Rim Vortex
4%
290 Outer Rim Yaga Minor
4%
296 Outer Rim Zanbar
4%
05 Inner Rim Affa
3%
16 Inner Rim Andalia
3%
22 Mid Rim Anzat
3%
23 Expansion Aquaris
3%
27 Outer Rim Askaj
3%
32 Mid Rim Balnab
3%
46 Colonies Borleias
3%
63 Inner Rim Chardaan
3%
69 Unknown Copero
3%
71 Expansion Corsin
3%
93 Outer Rim Elom
3%
95 Outer Rim Entralla
3%
98 Core Farrfin
3%
106 Outer Rim Gand
3%
109 Colonies Ghorman
3%
130 Deep Core Kalist
3%
131 Outer Rim Kaller
3%
135 Mid Rim Katarr
3%
139 Deep Core Khomm
3%
147 Outer Rim Kowak
3%
151 Mid Rim Lannik
3%
156 Mid Rim Loovria
3%
164 Outer Rim Mantooine
3%
169 Expansion Milagro
3%
174 Mid Rim Mon Gazza
3%
196 Outer Rim Orinda
3%
201 Core Pantolomin
3%
204 Outer Rim Parwa
3%
212 Outer Rim Quell
3%
213 Outer Rim Quermia
3%
221 Outer Rim Raydonia
3%
224 Expansion Ring of Kafrene
3%
226 Outer Rim Rinn
3%
242 Expansion Serroco
3%
251 Outer Rim Stygeon Prime
3%
254 Outer Rim Svivren
3%
261 Outer Rim Taul
3%
269 Inner Rim Tirahnn
3%
270 Outer Rim Toprawa
3%
294 Hutt Space Ylesia
3%
24 Expansion Aridus
1%
39 Inner Rim Berchest
1%
47 Outer Rim Borosk
1%
52 Core Broest
1%
65 Inner Rim Colla IV
1%
79 Hutt Space Da Soocha V
1%
81 Outer Rim Delphon
1%
90 Outer Rim Duroon
1%
99 Inner Rim Febrini
1%
129 Outer Rim Kalevala
1%
133 Outer Rim Karkaris
1%
136 Expansion Kerkoidia
1%
148 Outer Rim Krownest
1%
175 Inner Rim Moorja
1%
190 Inner Rim Obroa-skai
1%
193 Outer Rim Ord Canfre
1%
195 Outer Rim Ord Radama
1%
197 Hutt Space Orondia
1%
200 Outer Rim Pammant
1%
203 Inner Rim Paqualis III
1%
205 Mid Rim Patitite Pattuna
1%
208 Inner Rim Poderis
1%
211 Inner Rim Quarzite
1%
215 Core Questal
1%
216 Colonies Raithal
1%
235 Outer Rim Salient
1%
239 Core Sedratis
1%
243 Mid Rim Shantipole
1%
250 Expansion Stobar
1%
257 Colonies Talasea
1%
258 Mid Rim Talay
1%
291 Inner Rim Yag'Dhul
1%
No matching quizzes found
Score Distribution
Percent of People with Each Score
Percentile by Number Answered
Your Score History
You have not taken this quiz since the last reset